Možnosti využitia niektorých screemingových metód na sledovanie chlórovaných pesticídov

Bibliographic Details
Main Authors: Papajová, Hedviga (Author), Barabášová, Mária (Author)
Format: Article
Language:Slovak
PhysicalDescription:Tb. 2. Res. rus., angl., nem.
Subjects:

MARC

LEADER 00000nab a2200000 a 4500
001 vtls000272299
003 SK-MaSNL
005 20260302213701.0
008 111202c1986 xo 0 slo
015 |a SNBRA19rr/mm-uuuuu 
035 |a CL0282413 
040 |a SNKBUCL  |b slo  |c SNKBUCL  |e AACR2 
041 0 |a slo 
044 |a xo  |c SK 
080 |a 637.2.06:632.951.028  |2 1981 
080 |a 632.951.028  |2 1981 
080 |a 543.5  |2 1981 
100 1 |a Papajová, Hedviga  |4 aut  |9 5873 
245 1 0 |a Možnosti využitia niektorých screemingových metód na sledovanie chlórovaných pesticídov  |c Hedviga Papajová, Mária Barabášová 
300 |b Tb. 2. Res. rus., angl., nem. 
650 0 7 |a maslo  |2 snkbucl  |9 55190 
650 0 7 |a organochlórové insekticídy  |2 snkbucl  |9 166370 
655 7 |a články zo zborníkov  |2 snkbucl  |9 166140 
700 1 |a Barabášová, Mária  |4 aut  |9 133222 
773 0 |t Zborník prác Výskumného ústavu mliekárskeho v Žiline 9  |d Bratislava : Príroda, 1986  |g S. 71-75 
850 |a Slovenská národná knižnica v Martine  |a MTA001 
852 |a SNK  |b KIS3GCP 
958 |a RK 
992 |a RZB 
999 |c 1494530  |d 1496460